000 00458nam a22001697a 4500
005 20251108165339.0
008 250721s1986 xx 000 0 ara d
082 1 4 _a956.93/مفي
100 1 _aعواد، مفيد
245 1 0 _aالقتله :
_bمن يوشع بن نون إلى مائير كاهانا /
264 1 _aعمان :
_c1986.
300 _a117ص
650 1 7 _aاليهود
650 1 7 _aالتاريخ
942 _2ddc
_cBK
999 _c25701
_d25701